000
00335nam a22001217a 4500
040
_c
SY
082
_a
630
100
_a
ក្រសួង
245
_a
ព្រឹត្តិបត្រ័ស្ថិតិនិងសិក្សាកសិកម្ម
260
_a
RUA
_b
ក្រសួង
_c
1993
300
_a
43p.
942
_c
KB
999
_c
9798
_d
9798